Papers from the business innovation in the knowledge economy conference 2003

Bibliographic Details
Corporate Author: ProQuest (Firm)
Other Authors: Martin, Lynn M., Abbott, Julie.
Format: Electronic eBook
Language:English
Published: Bradford, England : Emerald Group Publishing, c2004.
Series:Qualitative market research ; v. 7, no. 4.
Subjects:
Online Access:Click to View
LEADER 01359nam a2200349Ia 4500
001 EBC289853
003 MiAaPQ
005 20200520144314.0
006 m o d |
007 cr cn|||||||||
008 011019s2004 enk s 000 0 eng d
020 |z 1845330188 
035 |a (MiAaPQ)EBC289853 
035 |a (Au-PeEL)EBL289853 
035 |a (CaPaEBR)ebr10067121 
035 |a (CaONFJC)MIL51444 
035 |a (OCoLC)70734589 
040 |a MiAaPQ  |c MiAaPQ  |d MiAaPQ 
050 4 |a HD30.2  |b .P37 2004 
245 0 0 |a Papers from the business innovation in the knowledge economy conference 2003  |h [electronic resource] /  |c Guest editors, Lynn M. Martin and Julie Abbott. 
260 |a Bradford, England :  |b Emerald Group Publishing,  |c c2004. 
300 |a 70 p. 
490 1 |a Qualitative Market Research: An International Journal. No. 4 ;  |v Vol. 7 
533 |a Electronic reproduction. Ann Arbor, MI : ProQuest, 2015. Available via World Wide Web. Access may be limited to ProQuest affiliated libraries. 
650 0 |a Information management. 
650 0 |a Industrial management. 
655 4 |a Electronic books. 
700 1 |a Martin, Lynn M. 
700 1 |a Abbott, Julie. 
710 2 |a ProQuest (Firm) 
830 0 |a Qualitative market research ;  |v v. 7, no. 4. 
856 4 0 |u https://ebookcentral.proquest.com/lib/matrademy/detail.action?docID=289853  |z Click to View